Interview skills : (Record no. 138664)

MARC details
000 -LEADER
fixed length control field 00564nam a22001937a 4500
005 - DATE AND TIME OF LATEST TRANSACTION
control field 20230210164250.0
010 ## - LCCN (DPL NO)
LC control number ENG-117559
020 ## - INTERNATIONAL STANDARD BOOK NUMBER
International Standard Book Number 9789380930527
Terms of availability 850.00
035 ## - SYSTEM CONTROL NUMBER
System control number EN-101091
037 ## - SOURCE OF ACQUISITION
Source of stock number/acquisition DBAD/PUB
082 ## - DEWEY DECIMAL CLASSIFICATION NUMBER
Classification number 650.144
100 ## - MAIN ENTRY--PERSONAL NAME
Personal name Anita Acharya
245 ## - TITLE STATEMENT
Title Interview skills :
Remainder of title tips and techniques/
Statement of responsibility, etc by Anita Acharya
260 ## - PUBLICATION, DISTRIBUTION, ETC. (IMPRINT)
Place of publication, distribution, etc Jaipur,
Name of publisher, distributor, etc Yking Books
Date of publication, distribution, etc 2012
270 ## - ADDRESS
Address G-13,S.S. Tower,Dhamani Street, Choura Rasta
City Jaipur
Postal code 302003
300 ## - PHYSICAL DESCRIPTION
Extent vii,256p.
Other physical details 23cm(Hb)
500 ## - GENERAL NOTE
General note
942 ## - ADDED ENTRY ELEMENTS (KOHA)
Source of classification or shelving scheme Dewey Decimal Classification
Item type English Books
Classification part 650.144
Call number suffix ACH
Holdings
Withdrawn status Lost status Not for loan Collection code Home library Current library Date acquired Source of acquisition Cost, normal purchase price Full call number Barcode Copy number Cost, replacement price Koha item type
      Non-fiction Diz Area Diz Area 05/04/2017 DBAD/PUB 850.00 650.144 ACH EN-101091 1 850.00 English Books

© Delhi Public Library
Hit Counter
free hit counter